ระบบห้องสมุดอัตโนมัติ ULibM
วิทยาลัยพยาบาลบรมราชชนนี พระพุทธบาท
เปลี่ยนเป็นภาษาไทย

Change to English
 แสดงรายละเอียดบรรณานุกรม
  กลับหน้าหลัก

Brief Record : Get Marc (ISO 2709) : E-mail record : QR code ปิดหน้าต่าง
E-books : เกี่ยวกับ Collections
LEADER 00000nam 2200000uu 4500
001    13399122903
003     ULIBM
008    041255s2555 th a 000 0 tha d
100    อรสา พันธ์ภักดี / บรรณาธิการ
245    แนวปฏิบัติการพยาบาลเพื่อช่วยเลิกบุหรี่ : คู่มือการให้คำแนะนำการช่วยเลิกบุหรี่ สู่งานประจำ
250    พิมพ์ครั้งที่ 1
260    กรุงเทพฯ :^bอัพทรูยู ครีเอทนิว,^c2555
300    31 หน้า
650    การเลิกบุหรี่
700 0  เครือข่ายพยาบาลเพื่อการควบคุมการยาสูบแห่งประเทศไทย
700 0  สำนักงานกองทุนสนับสนุนการสร้างเสริมสุขภาพ (สสส.)
945    ^p0^l0^i013727
945    ^p0^l0^i013728
945    ^p0^l0^i013729
945    ^p0^l0^i013730
945    ^p0^l0^i013731
945    ^p0^l0^i013732
945    ^p0^l0^i013733
945    ^p0^l0^i013734
945    ^p0^l0^i013735
945    ^p0^l0^i013736
945    ^p0^l0^i013737
945    ^p0^l0^i013738
999    ^aน.ส.สุพรรษา เริงรื่น
รายการนี้ยังไม่มีแท็ก
คุณยังไม่ได้ล็อกอิน คุณสามารถมีกิจกรรมร่วมกับเว็บไซต์ได้ แต่ต้องล็อกอินก่อน ::
  ล็อกอิน
ลำดับที่ ประเภท เลขเรียก สถานที่ สถานะ
1.
WM290 น928 2555  
  
ห้องสมุดหนังสือเกิน 10 ปี
►ห้องสมุดหนังสือเกิน 10 ปี
On Shelf
  ขอยืม
2.
WM290 น928 2555 ฉ.2 
  
ห้องสมุดหนังสือเกิน 10 ปี
►ห้องสมุดหนังสือเกิน 10 ปี
On Shelf
  ขอยืม
3.
WM290 น928 2555 ฉ.3 
  
ห้องสมุดหนังสือเกิน 10 ปี
►ห้องสมุดหนังสือเกิน 10 ปี
On Shelf
  ขอยืม
4.
WM290 น928 2555 ฉ.4 
  
ห้องสมุดหนังสือเกิน 10 ปี
►ห้องสมุดหนังสือเกิน 10 ปี
On Shelf
  ขอยืม
5.
WM290 น928 2555 ฉ.5 
  
ห้องสมุดหนังสือเกิน 10 ปี
►ห้องสมุดหนังสือเกิน 10 ปี
On Shelf
  ขอยืม
6.
WM290 น928 2555 ฉ.6 
  
ห้องสมุดหนังสือเกิน 10 ปี
►ห้องสมุดหนังสือเกิน 10 ปี
On Shelf
  ขอยืม
7.
WM290 น928 2555 ฉ.7 
  
ห้องสมุดหนังสือเกิน 10 ปี
►ห้องสมุดหนังสือเกิน 10 ปี
On Shelf
  ขอยืม
8.
WM290 น928 2555 ฉ.8 
  
ห้องสมุดหนังสือเกิน 10 ปี
►ห้องสมุดหนังสือเกิน 10 ปี
On Shelf
  ขอยืม
9.
WM290 น928 2555 ฉ.9 
  
ห้องสมุดหนังสือเกิน 10 ปี
►ห้องสมุดหนังสือเกิน 10 ปี
On Shelf
  ขอยืม
10.
WM290 น928 2555 ฉ.10 
  
ห้องสมุดหนังสือเกิน 10 ปี
►ห้องสมุดหนังสือเกิน 10 ปี
On Shelf
  ขอยืม
11.
WM290 น928 2555 ฉ.11 
  
ห้องสมุดหนังสือเกิน 10 ปี
►ห้องสมุดหนังสือเกิน 10 ปี
On Shelf
  ขอยืม
12.
WM290 น928 2555 ฉ.12 
  
ห้องสมุดหนังสือเกิน 10 ปี
►ห้องสมุดหนังสือเกิน 10 ปี
On Shelf
  ขอยืม
   [แสดง 12/12 รายการ]

รายการใกล้เคียง
    หัวเรื่อง [การเลิกบุหรี่]

Bib 13399122903